000 02021cam a2200361 4500500
005 20251228050136.0
041 _afre
042 _adc
100 1 0 _aNordmann, Sophie
_eauthor
245 0 0 _aJudaïsme et paganisme chez Cohen, Rosenzweig et Levinas
260 _c2007.
500 _a29
520 _aCet article met en évidence la manière dont H. Cohen, F. Rosenzweig et E. Levinas inaugurent, dans un même geste spéculatif, une forme nouvelle de « philosophie de la religion », où la religion ne constitue plus seulement un objet, mais un moteur de la rationalité philosophique. Chez chacun d’eux, ce geste passe par l’opposition du paganisme et du judaïsme, qui se prolonge dans l’opposition entre une tradition philosophique enfermée dans l’immanence, et une forme de rationalité philosophique nouvelle, qui s’ouvre à la transcendance.
520 _aThis article emphases the way H. Cohen, F. Rosenzweig et E. Levinas inaugurate, in a same speculative deed, a new form of « philosophy of religion », where religion doesn’t constitute anymore only an object, but a mainspring of the philosophical rationality. In each one of them, this deed goes through the opposition of paganism and Judaism that carries on in the opposition between a philosophical tradition locked in the immanence, and a form of new philosophical rationality, which opens to the transcendence.
690 _aAltérité
690 _aÉthique
690 _aImmanence
690 _aJudaïsme
690 _aOntologie
690 _aPaganisme
690 _aReligion
690 _aTranscendance
690 _aEthic
690 _aImmanence
690 _aJudaism
690 _aOntology
690 _aOtherness
690 _aPaganism
690 _aReligion
690 _aTranscendence
786 0 _nArchives de philosophie | 70 | 2 | 2007-06-01 | p. 227-247 | 0003-9632
856 4 1 _uhttps://shs.cairn.info/revue-archives-de-philosophie-2007-2-page-227?lang=fr&redirect-ssocas=7080
999 _c1579926
_d1579926